Biblioteca José Jerónimo Triana (Registro nro. 16707)

Detalles MARC
000 -CABECERA
Campo de control 00244as aa2200097a 44500
090 ## - CLASIFICACIÓN LOCAL
Colección SERIADAS
Consecutivo 00726
041 0# - IDIOMA
Código de idioma para texto/pista de sonido o título separado
245 10 - MENCION DE TITULO
Título Biblioteca José Jerónimo Triana
260 ## - PUBLICACION, DISTRIBUCION, ETC. (PIE DE IMPRENTA)
Nombre del editor, distribuidor, etc. Instituto de Ciencias Naturales
Lugar de publicación, distribución, etc. Colombia
942 ## - ELEMENTOS ADICIONALES (KOHA)
Tipo de ítem Periodica o revista
Existencias
Withdrawn status Lost status Damaged status No para préstamo Colección Fecha publicación (Año) Número revista Inventariado Ubicación Permanente Ubicación actual Fecha de adquisición Fuente de Valor Total Checkouts Número topográfico Inventario / Código de Barras Date last seen Ejemplar Price effective from Forma de adquisición Tipo de material
        Hemeroteca 1989 10 Inventariado 2017 Villa de Leyva Villa de Leyva 12/12/2000 Desconocido   SERIADAS 00726 005923 25/03/2015 1 25/03/2015   Periodica o revista
        Hemeroteca 1996 13   Villa de Leyva Villa de Leyva 06/03/2001 Samper, Cristián   SERIADAS 00726 005919 25/03/2015 1 25/03/2015   Periodica o revista